Tous les adversaires du Leinster Rugby en Coupe d'Europe. - Statistiques

Statistiques générales
  • Ce quiz a été pris 125 fois
    10 depuis la dernière actualisation
  • Le résultat moyen est 27 sur 43
Statistiques - réponses
Équipes Matches Victoires Nuls Défaites Différence % Correct
Stade toulousain 15 8 0 7 17
100%
Castres olympique 8 6 1 1 111
90%
Montpellier HR 9 6 1 2 161
90%
Racing 92 5 5 0 0 102
90%
Stade français Paris 5 2 0 3 104
90%
Union-Bordeaux-Bègles 2 1 0 1 -15
90%
Munster Rugby 2 1 0 1 -5
90%
Ulster 3 3 0 0 46
90%
Edinburgh Rugby 8 4 1 3 45
80%
ASM Clermont 10 6 0 4 13
80%
RC Toulon 4 0 0 4 -39
80%
Section paloise 1 1 0 0 2
80%
Stade rochelais 7 4 0 3 24
80%
Leicester Tigers 16 11 0 5 53
80%
Sale Sharks 3 2 0 1 16
80%
Benetton Trévise 4 4 0 0 88
70%
Glasgow Warriors 9 8 0 1 188
70%
Biarritz olympique 5 3 0 2 26
70%
USA Perpignan 1 0 0 1 -7
70%
Connacht Rugby 2 2 0 0 41
70%
Bristol Bears 3 3 0 0 42
70%
Harlequins 5 4 0 1 75
70%
Northampton Saints 12 10 0 2 296
70%
Saracens 5 3 0 2 18
70%
Cardiff Rugby 4 3 0 1 30
60%
Llanelli Scarlets 8 6 0 2 87
60%
Aviron bayonnais 1 1 0 0 9
60%
CA Brive 2 2 0 0 40
60%
Lyon OU 2 2 0 0 35
60%
Bath Rugby 14 12 0 2 218
60%
Exeter Chiefs 5 5 0 0 39
60%
London Wasps 10 5 1 4 20
60%
Newcastle Falcons 2 2 0 0 21
60%
Gloucester RFC 4 3 0 1 103
50%
Ospreys 2 2 0 0 43
40%
SU Agen 2 2 0 0 28
40%
London Irish 2 0 1 1 -3
30%
Newport RFC 2 2 0 0 20
20%
Swansea RFC 2 2 0 0 70
20%
CS Bourgoin-Jallieu 4 3 0 1 122
20%
Amatori Rugby Milan 3 2 0 1 19
10%
Border Reivers 1 1 0 0 9
10%
Pontypridd RFC 1 1 0 0 1
10%
Aucun quiz correspondant
Distribution des résultats
% des personnes avec chaque résultat
Percentile par nombre de réponses
Votre historique - résultats
Vous n’avez pas pris ce quiz depuis la dernière actualisation